LEADER 01856nam2 22003973i 450 001 VAN0241258 005 20230711095615.87 017 70$2N$a9783030690403 100 $a20220223d2021 |0itac50 ba 101 $aeng 102 $aCH 105 $a|||| ||||| 200 0 $a3 / editor Chaplina Tatiana.$fCham : Springer, 2021. 210 $aI, 3$cp. : ill$d; 24 215 410 1$1001VAN0238047$12001 $aSpringer Geology$1210 $aCham$cSpringer. 2012- 461 1$1001VAN0238241$12001 $aProcesses in GeoMedia$feditor Chaplina Tatiana Olegovna$1210 $aCham$cSpringer$1215 $avolumi$d24 cm$v3 620 $aCH$dCham$3VANL001889 676 $a550$cScienze della terra e geologia - Geofisica$v22 676 $a551$cGeologia, idrogeologia, meteorologia$v22 676 $a526$cCartografia - Geodesia$v22 702 1$aChaplina$bTatiana$3VANV195873 712 $aSpringer $3VANV108073$4650 790 1$aChaplina, Tatiana$zChaplina, Tatiana$3VANV215342 790 1$aChaplina, Tatiana Olegovna$zChaplina, Tatiana$3VANV215345 790 1$aChaplina, Tatiana O.$zChaplina, Tatiana$3VANV215346 790 1$aChaplina, T. O.$zChaplina, Tatiana$3VANV215347 790 1$aChaplina, T.O.$zChaplina, Tatiana$3VANV215348 801 $aIT$bSOL$c20240614$gRICA 856 4 $uhttps://link.springer.com/book/10.1007/978-3-030-69040-3$zE-book - Accesso al full-text attraverso riconoscimento IP di Ateneo, proxy e/o Shibboleth 899 $aBIBLIOTECA DEL DIPARTIMENTO DI SCIENZE E TECNOLOGIE AMBIENTALI BIOLOGICHE E FARMACEUTICHE$1IT-CE0101$2VAN17 912 $fN 912 $aVAN0241258 950 $aBIBLIOTECA DEL DIPARTIMENTO DI SCIENZE E TECNOLOGIE AMBIENTALI BIOLOGICHE E FARMACEUTICHE$d17CONS e-book 2224 $e17BIB2224/319 319 20220223 996 $a3$961479 997 $aUNICAMPANIA LEADER 01600nam0 22003493i 450 001 VAN0239117 005 20220715092059.983 017 70$2N$a9783030344924 100 $a20220203d2020 |0itac50 ba 101 $aeng 102 $aCH 105 $a|||| ||||| 200 1 $aGastronomy and Urban Space$eChanges and Challenges in Geographical Perspective$feditors Andrzej Kowalczyk, Marta Derek 210 $aCham$cSpringer$d2020 215 $aXLII, 345 p.$cill.$d24 cm 410 1$1001VAN0237225$12001 $aˆThe ‰Urban Book Series$1210 $aCham$cSpringer$d2016- 620 $aCH$dCham$3VANL001889 676 $a711$cUrbanistica (Pianificazione territoriale)$v22 676 $a304.2$cAntropologia ecologica. Geografia umana$v22 676 $a910$cGeografia generale$v22 676 $a330.9$cGeografia economica$v22 702 1$aDerek$bMarta$3VANV196057 702 1$aKowalczyk$bAndrzej$3VANV196056 712 $aSpringer $3VANV108073$4650 801 $aIT$bSOL$c20240614$gRICA 856 4 $uhttps://link.springer.com/book/10.1007/978-3-030-34492-4$zE-book - Accesso al full-text attraverso riconoscimento IP di Ateneo, proxy e/o Shibboleth 899 $aBIBLIOTECA DEL DIPARTIMENTO DI SCIENZE E TECNOLOGIE AMBIENTALI BIOLOGICHE E FARMACEUTICHE$1IT-CE0101$2VAN17 912 $fN 912 $aVAN0239117 950 $aBIBLIOTECA DEL DIPARTIMENTO DI SCIENZE E TECNOLOGIE AMBIENTALI BIOLOGICHE E FARMACEUTICHE$d17CONS e-book 2223 $e17BIB2223/329 329 20220203 996 $aGastronomy and Urban Space$92044197 997 $aUNICAMPANIA